000 00499nam a2200181Ia 4500
005 20250326125217.0
008 250326s9999 xx 000 0 und d
037 _aTextbook
040 _aFMSL
_beng
_cFMSL
041 _aeng
_2eng
084 _aX555:27.1 K5
_qFMSL
100 _aKhanna K K
245 0 _aWorld resources and trade
_cKhanna K K; Gupta V K
260 _aDelhi
_bDelhi, Sultan Chand
_c1965
300 _avp
942 _cTB
_hX555:27.1 K5
999 _c1277026
_d1277026